Quizzes
Events
Quiz Creation
Community
Videos
Private Events
Remove Ads
Sign In
Join for FREE
Feedback
Dark Mode
Quiz Categories
Sports
Geography
Music
Movies
Television
Just For Fun
Miscellaneous
History
Literature
Language
Science
Gaming
Entertainment
Religion
Holiday
For Kids
Quiz Lab
Recent
Popular Today
Quiz Kudos Today
Editor Picks
Curator Picks
Quizzes by...
Day
Popularity
Type
Ratings
Length
Year
Community
Subscriptions
Recent Discussions
Orange Saloon
Badges
Playlists
Quests
Create
Leaderboards
Showdown
Live 5
Trivia Bingo
Activity
Puzzle Library
Sporcle Events
Private Events
Virtual Trivia
Globe League
Become a Host
Pub Owners
SporcleCon
Opinionation
Our Games
Videos
Blog
Mobile Apps
Partnerships
Remove Ads and Go Orange
Feedback
Movies
Disney
Marvel Cinematic Universe
Movie Resume
Movie Titles
Oscar
Actor
Actress
Director
Pixar
Role
Movie Quotes
Movie Characters
Box Office
Nominee
Best Picture
Star Wars
James Bond
Horror Movies
Movies
Disney
Marvel Cinematic Universe
Movie Resume
Movie Titles
Oscar
Actor
Actress
Director
Pixar
Role
Movie Quotes
Movie Characters
Box Office
Nominee
Best Picture
Star Wars
James Bond
Horror Movies
Random Quiz
Search Sporcle
×
Quiz Lab
Quiz Lab
Movies
Movie Titles
Type in answers that appear in a list
Type in answers that appear in a list
Classic
Best Score? Go Orange.
6-Letter Movie Titles Stats
Can you name the 6-Letter Movie Titles?
By
livfred
8m
37 Questions
570 Plays
570 Plays
570 Plays
Comments
Comments
Give Quiz Kudos
Give Quiz Kudos
-
- Ratings
hide this ad
More Info
Replay
Link that replays current quiz
Next Quiz
Link to next quiz in quiz playlist
You Got
0%
They Got
Avg Score
25%
Avg Friend Score
Upgrade to see
Score Distribution
Jump to the score distribution portion of the page
Score
0/37
Timer
08:00
0
Plays Today
Year Actor | Actor
Movie
% Correct
1978 John Travolta |
Olivia Newton-
John
Grease
72.8%
1986 Tom Cruise |
Kelly McGillis
Top Gun
62.8%
1984 Tom Hanks |
Daryl Hannah
Splash
55.3%
2009 Sam Worthington |
Zoe Saldana
Avatar
51.4%
1995 Robert De Niro |
Sharon Stone
Casino
42.6%
2008 James McAvoy |
Angelina Jolie
Wanted
42.1%
*2001 Audrey Tautou |
Mathieu Kassovitz
France
Amélie
40.9%
1976 Sissy Spacek |
Piper Laurie
Carrie
40.4%
1982 Ben Kingsley |
Candice Bergen
Gandhi
38.2%
2000 Jason Statham |
Brad Pitt
Snatch
36.1%
2005 Matthew McConaughey |
Penelope Cruz
Sahara
31.4%
1996 Mel Gibson |
Rene Russo
Ransom
30%
1985 Chevy Chase |
Dana Wheeler-
Nicholson
Fletch
27.5%
2005 Eric Bana |
Daniel Craig
Munich
27.2%
2004 Julia Roberts |
Clive Owen
Closer
24%
1935 Fred Astaire |
Ginger Rogers
Top Hat
23.7%
1988 Val Kilmer |
Warwick Davis
Willow
23.5%
2009 Hilary Swank |
Richard Gere
Amelia
23.5%
2007 Jake Gyllenhaal |
Mark Ruffalo
Zodiac
23.3%
Year Actor | Actor
Movie
% Correct
1997 Jennifer Lopez |
Jackie Guerra
Selena
21.6%
2005 Keira Knightley |
Mickey Roarke
Domino
21.6%
2002 Sean Penn |
Michelle Pfeiffer
I Am Sam
21.6%
1948 Laurence Olivier |
Jean Simmons
Hamlet
20%
1985 Tom Cruise |
Mia Sara
Legend
18.9%
2004 Liam Neeson |
Laura Linney
Kinsey
18.4%
1985 Jonathan Pryce |
Robert De Niro
Brazil
16.8%
1972 Laurence Olivier |
Michael Caine
Sleuth
15.1%
2010 Paul Bettany |
Tyrese Gibson
Legion
13.9%
1993 Alec Baldwin |
Nicole Kidman
Malice
11.1%
2007 Chris Cooper |
Ryan Phillippe
Breach
9.6%
1998 Dustin Hoffman |
Sharon Stone
Sphere
9.5%
*2005 Presley Chweneyagae |
Terry Pheto
South Africa
Tsotsi
6.8%
1966 Shirley MacLaine |
Michael Caine
Gambit
5.4%
2006 Ed Speelers |
Jeremy Irons
Eragon
5.4%
1936 Marlene Dietrich |
Gary Cooper
Desire
4.4%
2003 Gwyneth Paltrow |
Daniel Craig
Sylvia
3.9%
*2007 Tadanobu Asano |
Honglei Sun
Kazakhstan
Mongol
3.7%
Quiz Playlist
Details
Report
Send in Message
Add To Playlist
More Info:
An asterisk (*) indicates a foreign film.
Classic:
Type in answers that appear in a list
Quiz Source
Last Updated: Feb 16, 2017
Quiz Scoreboard
CHALLENGE
Sign Up to Join the Scoreboard
Show All
Scores
Hide
Comments
May contain spoilers
Recently Published
College Basketball Coaching Resumes
by pancakes188
Sports
9m
Billboard Blitz: Fleetwood Mac
by CooCooCachoo
Music
15s
Presidents Visiting Landmarks
by Hejman
History
7m
More to Explore
Quiz From the Vault
Featured Blog Post
Where Did the Easter Bunny Come From?
hide this ad
You Might Also Like...
Tags
Actor Quiz
Movie Titles Quiz
6-letter
Today's Top Quizzes in Movies
Browse Movies
hide this ad
Today's Top Quizzes in Movie Titles
Browse Movie Titles
Top Contributed Quizzes in Movies
1
Pick 5 Posters: Directed by Spielberg
2
7-to-1: Pixar Characters
3
Pick 5 Posters: Lowest-Rated Spielberg
4
Pick 5 Posters: Directed by Scorsese
5
Sorting Actors
6
Sorting Actresses
7
Pick 5 Posters: Star & Director
8
Pick 5 Posters: Women Directed 2020s
9
12 Movies about Fictional 1960s Events
10
Multi-Oscar Nominations, One Movie, One Winner
Explore More
Trending Topics
Marvel
Harry Potter
Disney
NBA
Anime
Crossword
Kpop
The Office
Puzzle
Pokémon
Soccer
Song
WWE
NFL
Country
hide this ad
More By:
livfred
Quiz
Plays
Rating
Category
Featured
Created
Fill-in–the–Blank: Male Names Movies
257,774
4.29
Movies
Jun 15, 2010
Fill-in-the-Blank: Missing Women
161,892
4.31
Movies
Mar 17, 2010
5-Letter Movie Titles
115,371
3.92
Movies
Nov 6, 2009
Eponymous Movies
82,060
3.69
Movies
Sep 29, 2009
The 'Last' Movie
69,885
3.96
Movies
Dec 31, 2009
Go to Creator's Profile
Score Distribution
Quiz Creator Spotlight
livfred
Follow
Send a Message
Quizzes Created
-
Created Quiz Play Count
-
More By This Creator
Popular Quizzes Today
1
Find the US States - No Outlines Minefield
2
Find the Countries of Europe - No Outlines Minefield
3
The Countries of the World
4
Find the US States
5
Risky Map Clicking: Biggest States A-Z
6
US States
7
Popular People in 1961
8
Movies - When Are They Set?
More Movies Quizzes
Movie Synopsis: 50s
Editor's Pick
Trending Quizzes
Risky Map Clicking: Least Populous States A-Z
1-10 Letter G Words
1-10 Letter F Words
Risky Map Clicking: Next State Alphabetically
Click the Washington State Counties! (Map)
Recently Updated
Leaping Animals
pecheneg
Reality TV Shows (A-Z)
bhenderson79
Rickey Henderson's Hall of Fame Teammates
pecheneg
Champions League XIs: Arsenal
pecheneg
Quick Pick: Celebrities in WWE's Hall of Fame
aduchscher
A-Z Keypad Blitz II
pecheneg
Multiple Oscar Actors
pecheneg
Mystery Phrase Blitz: Oscar 'Best Actors'
pecheneg
F. Scott Fitzgerald Novels
LTH
Pick 3 Villains
ddd62291
Trending Topics
NBA
Marvel
Crossword
Disney
Harry Potter
Kpop
Anime
The Office
Pokémon
Song
NFL
Country
Puzzle
Soccer
WWE
Your Account Isn't Verified!
In order to create a playlist on Sporcle, you need to verify the email address you used during registration. Go to your
Sporcle Settings
to finish the process.
Report this User
Report this user for behavior that violates our
Community Guidelines
.
Details:
Send Report
Go to the Sporcle.com Mobile Site →
Comments